| 000 | 00901nam a22002897i 4500 | ||
|---|---|---|---|
| 003 | DO-SdBNP | ||
| 005 | 20230918151001.0 | ||
| 007 | ta | ||
| 008 | 110301s2015 dr a 000 p spa d | ||
| 020 | _a9789945588392 | ||
| 040 |
_aDO-SdBNP _bspa _cBNPHU _erda |
||
| 082 | 4 |
_aRD860.9 _bD395c _222 |
|
| 245 | 0 | 0 |
_aDemiurgos de carne y hueso : _bcírculo filosófico y literario DEMIURGO / |
| 264 |
_aSanto Domingo : _bMinisterio de Cultura, _c2015. |
||
| 300 |
_a154 páginas : _bilustraciones ; _c20 cm. |
||
| 336 |
_2rdacontent _atexto _btxt |
||
| 337 |
_2rdamedia _asin mediación _bn |
||
| 338 |
_2rdacarrier _avolumen _bnc |
||
| 490 | 0 | _aTinta de Taller | |
| 590 | _aInventariado, 2022/ YL | ||
| 650 | 4 | _aCuentos dominicanos | |
| 650 | 4 | _aPoesía dominicana | |
| 650 | 4 | _aLiteratura dominicana | |
| 830 | 0 |
_pTinta de Taller _943512 |
|
| 910 | _aYLockward. Validado MFF | ||
| 942 |
_2ddc _cLBS1 |
||
| 999 |
_c51844 _d51844 |
||